000 00627nam a2200217 a 4500
001 19211
003 CO-ViMGA
008 141112s2004 ck r 000 u spa d
020 _a8427711095
040 _aCO-ViMGA
_bspa
_cCO-ViMGA
082 0 4 _a370.15 W447c
100 1 _aWhithaker, Patrick
_927594
245 1 0 _aCómo gestionar el cambio en contextos educativos
260 _aMadrid :
_bNarcea; 1998
300 _a204 p.
490 _aeducación Estudios hoy
590 _aForma de adquisición : Proyecto 2005 - - Precio :
_85.500
650 1 4 _aeducación
650 1 4 _aINNOVACIONES EDUCATIVAS
_955642
942 _2ddc
_cBK
999 _c28373
_d28373